| 000 | 00628cab a2200229 4500 | ||
|---|---|---|---|
| 001 | ABS49342 | ||
| 008 | 090401t1993 xxu||||| |||| 00| 0 eng d | ||
| 035 | _a(Sirsi) u70970 | ||
| 041 | _aeng | ||
| 100 | _aIreland, P. | ||
| 245 | _aNLIS takes a bow - but where next? | ||
| 260 | _c1993 | ||
| 350 | _a0 | ||
| 490 |
_aMapping Awareness _v7(7) September 1993, 42-43(2) |
||
| 520 | _aUpdate on Domesday 2000 project. | ||
| 650 | _aDOMESDAY 2000 | ||
| 650 | _aNATIONAL LAND INFORMATION SERVICE | ||
| 650 | _aRICS | ||
| 690 | _aMANAGEMENT-BUSINESS MANAGEMENT-INFORMATION MANAGEMENT | ||
| 942 | _n0 | ||
| 948 | _c04/03/1997 | ||
| 999 |
_c44715 _d44715 |
||